Grand Theft Auto San Andreas Characters - Statistics

General Stats
  • This quiz has been taken 195 times
  • The average score is 30 of 58
Answer Stats
Picture Hint Answer % Correct
Protagonist Carl 'CJ' Johnson
100%
Big Smoke - End of the Line Melvin 'Big Smoke' Harris
96%
Sweet & Kendl - End of the Line Sean 'Sweet' Johnson
94%
Sweet & Kendl - Pier 69 Lance 'Ryder' Wilson
91%
OG Loc - Cut Throat Business Jeffrey 'OG Loc' Cross
90%
Don Peyote - End of the Line Ken Rosenberg
90%
Cesar Vialpando - End of the Line Cesar Vialpando
89%
Wu Zi Mu - A Home in the Hills Wu Zi Mu 'Woozie'
89%
In the Beginning - End of the Line Frank Tenpenny
87%
Sweet & Kendl - End of the Line Kendl Johnson
85%
First Date - Farewell, My Love... Catalina
83%
Madd Dogg - End of the Line Madd Dogg
83%
Body Harvest - End of the Line The Truth
81%
In the Beginning - High Noon Eddie Pulaski
77%
Wear Flowers in Your Hair - Breaking the Bank at Caligula's Zero
75%
Photo Opportunity - Home Coming Mike Toreno
73%
In the Beginning - High Noon Jimmy Hernandez
69%
Ran Fa Li - Fish in a Barrel Ran Fa Li 'Farlie'
69%
Cleaning the Hood - Beat Down on B Dup Barry 'Big Bear' Thorne
68%
Burning Desire Denise Robinson
68%
Wu Zi Mu - Farewell, My Love... Claude
67%
Photo Opportunity - Ice Cold Killa Jizzy B.
67%
Don Peyote - End of the Line Kent Paul
66%
Photo Opportunity - Pier 69 T-Bone Mendez
65%
Cleaning the Hood - Beat Down on B Dup Mark 'B Dup' Wayne
64%
Nines and AK's Emmet
59%
Don Peyote - End of the Line Maccer
59%
Freefall - Saint Mark's Bistro Salvatore Leone
57%
Wear Flowers in Your Hair - Puncture Wounds Jethro
47%
Ryder Old Reece
46%
Fender Ketchup - The Meat Business Johnny Sindacco
45%
Freefall - Saint Mark's Bistro Maria Latore
40%
Los Sepulcros Kane
39%
OG Loc Freddy
37%
Key to Her Heart Millie Perkins
36%
The Introduction - The Meat Business Mike
35%
Girlfriend Michelle Cannes
34%
Girlfriend Barbara Schternvart
32%
Girlfriend Katie Zhan
30%
A Home in the Hills Big Poppa
29%
Wear Flowers in Your Hair - Puncture Wounds Dwaine
29%
The Introduction (Deceased) Ralph Pendelbury
29%
Cut Throat Business Jimmy Silverman
27%
Girlfriend Helena Wankstein
26%
The Da Nang Thang The Snakehead
25%
Intensive Care - Freefall Tony
24%
Cesar Vialpando Jose
23%
Key to Her Heart Benny
22%
Lure Guppy
21%
Los Desperados Hazer
21%
Ran Fa Li - Lure Su Xi Mu 'Suzie'
21%
Tanker Commander Mr. Whittaker
19%
Tanker Commander Derek
15%
Home Invasion Colonel Fuhrberger
14%
The Da Nang Thang Little Lion
14%
Los Desperados Sunny
14%
Management Issues Alan Crawford
13%
Los Desperados Gal
13%
No matching quizzes found
Score Distribution
Percent of People with Each Score
Percentile by Number Answered
Your Score History
You have not taken this quiz